[Event "Provence-ch access Vitrolles 9394"]
[Site "France"]
[Date "1993.??.??"]
[Round "9"]
[White "Roger, Patrick"]
[Black "Orsini, Patrick"]
[Result "0-1"]
[WhiteElo "1750"]
[BlackElo "1820"]
[PlyCount "158"]
[EventDate "1993.??.??"]
[EventType "tourn"]
[EventRounds "9"]
[EventCountry "FRA"]
[SourceTitle "EXT 2005"]
[Source "ChessBase"]
[SourceDate "2004.11.15"]
[SourceVersion "1"]
[SourceVersionDate "2004.11.15"]
[SourceQuality "1"]

1. e4 e5 2. Nf3 Nc6 3. Bc4 Bc5 4. d4 exd4 5. 0-0 h6 6. c3 d3 7. Qxd3 Qe7 8. Re1 Nf6 9. h3 Ne5 10. Nxe5 Qxe5 11. Be3 0-0 12. Nd2 Bxe3 13. Qxe3 d6 14. f4 Qa5 15. b4 Qb6 16. Nf3 Qxe3+ 17. Rxe3 Nh5 18. f5 Re8 19. Rae1 Bd7 20. g4 Nf6 21. e5 dxe5 22. Nxe5 Re7 23. Nxd7 Rxd7 24. Re7 Kf8 25. Rxd7 Nxd7 26. Rd1 Ne5 27. Bd5 c6 28. Bg2 Ke7 29. Kf2 Rd8 30. Rxd8 Kxd8 31. Ke3 Kc7 32. Kd4 f6 33. h4 Nxg4 34. Bf3 Ne5 35. Bg2 Nf7 36. a4 Nd6 37. Bh3 b6 38. c4 a5 39. c5 Nb7 40. bxa5 Nxa5 41. cxb6+ Kxb6 42. Bf1 Nb7 43. Be2 Ka5 44. Bd1 Kb4 45. Bc2 Na5 46. Bd1 Nc4 47. Bc2 c5+ 48. Ke4 Nb6 49. Kd3 c4+ 50. Kd4 c3 51. a5 Kxa5 52. Kxc3 Kb5 53. Kd4 Kc6 54. Be4+ Kd6 55. Ke3 Ke5 56. Kf3 h5 57. Bd3 Nd5 58. Kg3 Ne7 59. Be2 Nxf5+ 60. Kh3 g6 61. Bb5 g5 62. hxg5 fxg5 63. Be2 h4 64. Kg4 Kf6 65. Kh3 Ne3 66. Bh5 Kf5 67. Be2 Kf4 68. Bh5 Nf1 69. Bd1 Ng3 70. Bg4 Ne4 71. Bc8 Nf2+ 72. Kg2 Ke3 73. Bd7 Nd3 74. Kh3 Kf2 75. Bc8 Nf4+ 76. Kg4 h3 77. Bb7 h2 78. Bh1 Kg1 79. Bf3 Ng2 0-1

[Event "Provence-ch Majeur op 9293"]
[Site "France"]
[Date "1992.??.??"]
[Round "6"]
[White "Magnier, Patrice"]
[Black "Roger, Patrick"]
[Result "1/2-1/2"]
[WhiteElo "1740"]
[BlackElo "1780"]
[PlyCount "44"]
[EventDate "1992.??.??"]
[EventType "swiss"]
[EventRounds "9"]
[EventCountry "FRA"]
[SourceTitle "EXT 2005"]
[Source "ChessBase"]
[SourceDate "2004.11.15"]
[SourceVersion "1"]
[SourceVersionDate "2004.11.15"]
[SourceQuality "1"]

1. e4 e6 2. d4 d5 3. Nd2 Nf6 4. e5 Nfd7 5. Bd3 c5 6. c3 Nc6 7. Ne2 Qb6 8. Nf3 cxd4 9. cxd4 f6 10. exf6 Nxf6 11. 0-0 Bd6 12. Re1 0-0 13. Bf4 Bb4 14. Bd2 Ng4 15. h3 Nxf2 16. Bxh7+ Kh8 17. Kxf2 Kxh7 18. Bxb4 Qxb4 19. Kg1 Qe7 20. Nc3 Qf6 21. Rf1 Kg8 22. Qd3 Qf5 1/2-1/2

[Event "Provence-chA"]
[Site "Provence"]
[Date "1990.??.??"]
[Round "3"]
[White "Gravagna, Pierre"]
[Black "Roger, Patrick"]
[Result "1-0"]
[WhiteElo "1860"]
[BlackElo "1820"]
[PlyCount "87"]
[EventDate "1990.??.??"]
[EventType "swiss"]
[EventRounds "7"]
[EventCountry "FRA"]
[SourceTitle "EXT 2005"]
[Source "ChessBase"]
[SourceDate "2004.11.15"]
[SourceVersion "1"]
[SourceVersionDate "2004.11.15"]
[SourceQuality "1"]

1. d4 d5 2. Nf3 Bf5 3. c4 Nf6 4. Nc3 e6 5. cxd5 exd5 6. Bg5 Be7 7. Bxf6 Bxf6 8. Qb3 Nc6 9. e3 Ne7 10. Qxb7 Rb8 11. Qxa7 0-0 12. Bb5 c6 13. Ba4 Qd6 14. Bb3 Nc8 15. Qc5 Qe6 16. Nb1 Bd3 17. Qc3 Qf5 18. Nbd2 Na7 19. a4 Rfc8 20. g4 Qg6 21. g5 Be7 22. Ne5 Bb4 23. Qxd3 Qxd3 24. Nxd3 Bxd2+ 25. Kxd2 Rxb3 26. Rhc1 Re8 27. Rc3 Rbb8 28. Raa3 Re6 29. Rab3 Rbe8 30. Rb7 Nc8 31. Ne5 Nd6 32. Rc7 Ne4+ 33. Kc2 Nxc3 34. Kxc3 f6 35. Nxc6 fxg5 36. b4 Rf6 37. Ne5 Rxf2 38. b5 Rf1 39. Kb4 Ra1 40. b6 Rb8 41. Nd7 Rb1+ 42. Ka5 Re8 43. b7 Kf7 44. b8Q 1-0

[Event "Provence-chA"]
[Site "Provence"]
[Date "1990.??.??"]
[Round "2"]
[White "Sebban, Jean Paul"]
[Black "Roger, Patrick"]
[Result "1-0"]
[WhiteElo "1900"]
[BlackElo "1820"]
[PlyCount "45"]
[EventDate "1990.??.??"]
[EventType "swiss"]
[EventRounds "7"]
[EventCountry "FRA"]
[SourceTitle "EXT 2005"]
[Source "ChessBase"]
[SourceDate "2004.11.15"]
[SourceVersion "1"]
[SourceVersionDate "2004.11.15"]
[SourceQuality "1"]

1. e4 e6 2. d4 d5 3. Nc3 Bb4 4. exd5 exd5 5. Bd3 Nc6 6. a3 Bxc3+ 7. bxc3 Nge7 8. Qf3 Ng6 9. Ne2 0-0 10. 0-0 Qh4 11. h3 Be6 12. Nf4 Nxf4 13. Bxf4 Rac8 14. Rfe1 Na5 15. Re5 h6 16. Rh5 Qf6 17. Qg3 Nc4 18. Rxh6 Qe7 19. Rh7 f5 20. Bg5 Qxg5 21. Qxg5 Kxh7 22. Re1 Rfe8 23. Rxe6 1-0